000 00485nam a2200205Ia 4500
005 20240823022017.0
008 240823s9999||||xx |||||||||||||| ||und||
020 _a81-7649-526-3
041 _aENGLISH
082 _A658.0072 P4
100 _a"Timm,Paul R"
245 0 _aBusiness Research
250 _a1st
260 _c2004
_b"Viva,New "
_aNew Delhi
500 _aYES
650 _aBusiness
_bManagement Studies
700 _a" Farr,Rick C"
942 _cBK
999 _c178186
_d178186